The CEO next door : (Record no. 295)
[ view plain ]
| 000 -LEADER | |
|---|---|
| fixed length control field | 00959cam a2200265 i 4500 |
| 003 - CONTROL NUMBER IDENTIFIER | |
| control field | BD-DhUIB |
| 005 - DATE AND TIME OF LATEST TRANSACTION | |
| control field | 20210605151726.0 |
| 008 - FIXED-LENGTH DATA ELEMENTS--GENERAL INFORMATION | |
| fixed length control field | 170915s2018 nyua b 001 0 eng |
| 020 ## - INTERNATIONAL STANDARD BOOK NUMBER | |
| International Standard Book Number | 97807535552193 |
| 040 ## - CATALOGING SOURCE | |
| Original cataloging agency | DLC |
| Language of cataloging | eng |
| Transcribing agency | DLC |
| Description conventions | rda |
| Modifying agency | BD-DhUIB |
| 082 00 - DEWEY DECIMAL CLASSIFICATION NUMBER | |
| Classification number | 658.409 |
| Edition number | 23 |
| 100 1# - MAIN ENTRY--PERSONAL NAME | |
| Personal name | Botelho, Elena L., |
| Relator term | author. |
| 9 (RLIN) | 625 |
| 245 14 - TITLE STATEMENT | |
| Title | The CEO next door : |
| Remainder of title | the 4 behaviors that transform ordinary people into world-class leaders / |
| Statement of responsibility, etc. | by Elena L. Botelho and Kim R. Powell with Tahl Raz. |
| 264 #1 - PRODUCTION, PUBLICATION, DISTRIBUTION, MANUFACTURE, AND COPYRIGHT NOTICE | |
| Place of production, publication, distribution, manufacture | New York : |
| Name of producer, publisher, distributor, manufacturer | Currency, |
| Date of production, publication, distribution, manufacture, or copyright notice | [2018] |
| 300 ## - PHYSICAL DESCRIPTION | |
| Extent | xi, 272 pages : |
| Other physical details | illustrstions ; |
| Dimensions | 23 cm. |
| 504 ## - BIBLIOGRAPHY, ETC. NOTE | |
| Bibliography, etc. note | Includes bibliographical references and index. |
| 526 ## - STUDY PROGRAM INFORMATION NOTE | |
| Program name | DBA. |
| 650 #0 - SUBJECT ADDED ENTRY--TOPICAL TERM | |
| Topical term or geographic name entry element | Chief executive officers |
| Form subdivision | Case studies. |
| 9 (RLIN) | 626 |
| 650 #0 - SUBJECT ADDED ENTRY--TOPICAL TERM | |
| Topical term or geographic name entry element | Executive ability. |
| 9 (RLIN) | 627 |
| 650 #0 - SUBJECT ADDED ENTRY--TOPICAL TERM | |
| Topical term or geographic name entry element | Career development. |
| 9 (RLIN) | 628 |
| 650 #0 - SUBJECT ADDED ENTRY--TOPICAL TERM | |
| Topical term or geographic name entry element | Success in business. |
| 9 (RLIN) | 629 |
| 700 1# - ADDED ENTRY--PERSONAL NAME | |
| Personal name | Powell, Kimberly R., |
| Relator term | author. |
| 9 (RLIN) | 630 |
| 700 1# - ADDED ENTRY--PERSONAL NAME | |
| Personal name | Raz, Tahl, |
| Relator term | author. |
| 9 (RLIN) | 631 |
| 942 ## - ADDED ENTRY ELEMENTS (KOHA) | |
| Source of classification or shelving scheme | Dewey Decimal Classification |
| Koha item type | Books |
| Withdrawn status | Lost status | Source of classification or shelving scheme | Damaged status | Not for loan | Collection code | Home library | Current library | Shelving location | Date acquired | Source of acquisition | Total Checkouts | Full call number | Barcode | Date last seen | Copy number | Price effective from | Koha item type |
|---|---|---|---|---|---|---|---|---|---|---|---|---|---|---|---|---|---|
| Dewey Decimal Classification | Fiction | IBA Library | IBA Library | General Stacks | 10/06/2020 | STS Internatoinal | 658.409 B748c 2017 | 00051307 | 06/05/2021 | C-1 | 06/05/2021 | Books |
